000 01889nam a2200313 i 4500
003 SA-RiAUC
005 20250625142054.0
008 250624s1993 ba g 00000dara c
040 _aSA-JeALM
_bara
_cSA-RiAUC
_erda
082 0 4 _a234.61
090 _a234.61
_bا ب و ف
100 1 _aأبو الفتح الأزدي، محمد بن الحسين بن أحمد،
_dتوفي 374 هجري
_eمؤلف.
245 1 0 _aكتاب ذكر إسم كل صحابي روى عن رسول الله صلى الله عليه وسلم /
_bأمرا ونهيا ومن بعده من التابعين وغيرهم ممن لا أخ له يوافق اسمه من نقلة الحديث من جميع الأمصار
_cتأليف أبو الفتح محمد بن الحسين الأزدي الموصلي ؛ تحقيق وتعليق أبو شاهد ضياء الحسن محمد السلفي ؛ مراجعة ونشر نظام يعقوبي.
246 3 0 _aذكر إسم كل صحابي روى عن رسول الله صلى الله عليه وسلم
250 _aالطبعة الأولى.
264 1 _aالمنامة :
_aبيروت :
_bمكتبه نظام يعقوبي الخاصة ؛
_bدار ابن حزم للطباعة والنشر والتوزيع،
_c1994
300 _a349 صفحة ؛
_c24 سم.
336 _aنص
_btxt
_2rdacontent
_3كتاب
337 _aبدون وسيط
_bn
_2rdamedia
338 _aمجلد
_bnc
_2rdacarrier
490 1 _aسلسلة دفائن الخزائن ؛
_v1
650 7 _aالحديث
_xتراجم الرواة
_2aucsh
650 7 _aطبقات رواة الحديث وحفاظه
_vتراجم
_2aucsh
650 7 _aالصحابة والتابعون
_vتراجم
_2aucsh
700 1 _aالسلفي، ضياء الحسن محمد
_eمحقق.
700 1 _aيعقوبي، نظام محمد صالح
_eمراجع.
942 _2ddc
_cBOOK
_n0
949 _aSA-JeALM
_d250624
_uosman123
_n1
999 _c9169
_d9169